La colina del buey

Na minha lista:
Detalhes bibliográficos
Autor principal: León Sánchez, José
Formato: Livro
Idioma:Undetermined
Publicado em: San José, Costa Rica Editorial Costa Rica 1977
Assuntos:
Tags: Adicionar Tag
Sem tags, seja o primeiro a adicionar uma tag!

MARC

LEADER 00000nam a2200000Ia 4500
008 170316s9999 xx 000 0 und d
040 |a cru BVZT 
090 |a 868 L-6c 
100 |a León Sánchez, José 
245 |a La colina del buey 
260 |a San José, Costa Rica 
260 |b Editorial Costa Rica 
260 |c 1977 
300 |a 264 páginas 
650 |a LITERATURA COSTARRICENSE 
650 |a NOVELA 
942 |c 4 D 
999 |c 11263  |d 11263